| 000 | 03883cam a22005654i 4500 | ||
|---|---|---|---|
| 003 | PE-LiUPU | ||
| 005 | 20250731184539.0 | ||
| 008 | 181219s2014 xxua r 001 0 eng | ||
| 020 | _a1931745994 | ||
| 020 | _a9781931745994 | ||
| 035 | _a(Sirsi) a251107 | ||
| 049 | _aPRUA | ||
| 082 | 0 | 4 |
_a939.46402 _bL54 _223 |
| 100 | 1 |
_aLevy, Thomas E., _eautor. |
|
| 245 | 1 | 0 |
_aNew insights into the Iron Age archaeology of Edom, southern Jordan : _bsurveys, excavations and research from the University of California, San Diego-Department of Antiquities of Jordan, Edom Lowlands Regional Archaeology Project (ELRAP) / _cby Thomas E. Levy, Mohammad Najjar, and Erez Ben-Yosef. |
| 264 | 1 |
_a[Los Angeles] : _bThe Cotsen Institute of Archaeology Press, _c2014. |
|
| 300 |
_a2 volúmenes : _bilustraciones ; _c29 centímetros. |
||
| 300 | _a1 CD-ROM | ||
| 336 |
_atext _2rdacontent |
||
| 337 |
_aunmediated _2rdamedia |
||
| 338 |
_avolume _2rdacarrier |
||
| 490 | 0 |
_aMonumenta archaeologica ; _v35 |
|
| 504 | _aBibliografía al final de cada capítulo. | ||
| 504 | _aÍndice: páginas 1003-1034. | ||
| 505 | 0 |
_aVolumen I, _tNew insights into the Iron Age archaeology of Edom, southern Jordan: surveys, excavations and research from the University of California, San Diego-Department of Antiquities of Jordan, Edom Lowlands Regional Archaeology Project (ELRAP). _a The Iron Age Edom lowlands regional archaeology project : Research design and methodology -- Excavations at Khirbat en-Nahas 2002-2009 : An Iron Age copper production center in the lowlands of Edom -- New perspectives on the Iron Age Edom Steppe and Highlands Khirbat al-Malayqtah, Khirbat al-Kur, Khirbat al-Iraq Shmaliya, and Tawilan -- Iron Age Ceramics from Edom: A New Typology -- The Petrography of Iron Age Edom: From the lowlands to the Highlands. |
|
| 505 | 0 |
_aVolumen II, _tNew insights into the Iron Age archaeology of Edom, southern Jordan: surveys, excavations and research from the University of California, San Diego-Department of Antiquities of Jordan, Edom Lowlands Regional Archaeology Project (ELRAP). _aLocal Iron Age Trade Routes in Northern Edom : From the Faynan Copper Ore District to the Highlands -- Patterns of Iron Age Mining and Settlement in Jordan's Faynan District : the Wadi al-Jariya survey in context -- Feeding the Iron Age Metalworkers at Khirbat en-Nahas : Zooarchaeological data -- Wadi Fidan 40 and Mortuary Archaeology in the Edom Lowlands -- A pictore of the early and late Iron Age II in the Lowlands -- The Iron Age Egyptian Amulet Assemblage -- New Iron Age excavations at copper production sites, mines, and fortresses in Faynan -- The material culture of Iron Age Copper production in Faynan -- The Iron Age Edomite Script and Language : Methodological Strictures and Preliminary statements -- Conclusion. |
|
| 526 | _aP136 | ||
| 526 | _aP135 | ||
| 526 | _aP134 | ||
| 526 | _aP133 | ||
| 526 | _aP144 | ||
| 526 | _aP143 | ||
| 526 | _aP87 | ||
| 526 | _aP35 | ||
| 526 | _aP20 | ||
| 526 | _aP14 | ||
| 526 | _aP10 | ||
| 526 | _aP06 | ||
| 650 | 0 | 4 |
_aEdad del hierro _zEdom (Reino) |
| 650 | 0 | 4 |
_aArqueología social _zJordan _zFaynān Wādī. |
| 700 | 1 |
_aNajjar, Mohammad, _eautor. |
|
| 700 | 1 |
_aBen-Yosef, Erez, _eautor. |
|
| 910 |
_adbm _bsag _csag _d20181219 |
||
| 942 |
_2ddc _cBOOK |
||
| 994 |
_aC0 _bPEPRU |
||
| 596 | _a1 | ||
| 999 |
_a939.46402 L54 2 _wDEWEY _c30556 _i79423 _d30556 _e2019-11-24 _f2021-11-11 _g3 _lCCODEBUL1 _mBUL _n10 _p135.00 _r0 _sY _tBOOK _u2018-12-19 _xTEOLOGIA _PP85 _0COMPRA _1FCOMPR2 _o.STAFF. Colección Teología |
||
| 999 |
_a939.46402 L54 2 _wDEWEY _c2 _i79424 _d2019-11-13 _e2019-11-13 _f2021-11-11 _g3 _lCCODEBUL1 _mBUL _n7 _p135.00 _r0 _sY _tBOOK _u2018-12-20 _xTEOLOGIA _PP85 _0COMPRA _1FCOMPR2 _o.STAFF. Colección Teología |
||
| 980 |
_81 _gALBERTO SANCHEZ Responsable de Automatización |
||